000
00425nam a2200181Ia 4500
008
090124s9999 xx 000 0 und d
082
_b
114486
100
_a
आंगले ह.पै.
245
_a
दंश
250
_a
1
260
_c
1972
300
_a
61
600
_a
आंगले ह.पै.
630
_a
दंश
700
_a
आंगले ह.पै.
730
_a
दंश
942
_c
BOOK
999
_c
160577
_d
160577